000 00681cam a2200229 4500
001 J118718
008 000000n2002 000 0 eng u
035 _a(Sirsi) u118718
050 _a338.4369094
110 _aEuroconstruct
_92964
245 _a52nd euroconstruct conference : Rome : the outlook for the European construction sector 2002-2004. Summary : the net economy and the construction sector in Europe
260 _aRome
_bCREMSE
_c2002
300 _a177p.
_c30cm.
350 _a775.00
650 _aEUROPE
650 _aSTATISTICS
650 _aECONOMIC ISSUES
650 _aHOUSING
650 _aEUROCONSTRUCT
690 _aBUILT ENVIRONMENT
942 _n0
999 _c102169
_d102169